World Capitals 9,000 km away from Brasília, Rome Seoul - Statistics

General Stats
  • This quiz has been taken 71 times
  • The average score is 12 of 30
Answers on the Map
Answers color-coded by a green-red scale on the quiz's map according to % correct below.
 
Answer Stats
D (km) Capital % Correct
8,867 Brasília
68%
8,867 Rome
68%
8,965 Rome
68%
8,979 Paris
58%
8,965 Seoul
58%
8,861 London
55%
9,135 Reykjavík
52%
8,958 Dublin
50%
8,873 Bern
48%
8,932 Brussels
48%
9,057 Amsterdam
47%
9,123 Monaco
47%
8,949 Luxembourg
45%
8,976 Vaduz
45%
8,967 Vatican City
45%
8,973 San Marino
42%
8,824 San Marino
42%
8,722 Hanoi
40%
8,827 Bangkok
38%
9,383 Bogotá
38%
8,770 Pyongyang
38%
8,687 Vientiane
33%
8,701 Havana
32%
8,616 Kingston
27%
9,331 Phnom Penh
27%
9,086 Dodoma
20%
9,007 Juba
15%
8,939 Kampala
15%
9,110 Mogadishu
15%
8,991 Nukuʻalofa
7%
No matching quizzes found
Score Distribution
Percent of People with Each Score
Percentile by Number Answered
Your Score History
You have not taken this quiz